000 00974nas a2200253 454500
001 39396
005 20260407193510.0
008 260407s1996####ag###########|||spa#d
003 AR-UNSa-BCEJYS
040 _aAR-UNSa-BCEJYS
_bspa
_cAR-UNSa-BCEJYS
080 _a378
_xEnseñanza superior. Universidades. Escuelas especiales
245 1 0 _aInfomec
_pBoletín informativo del fondo para el mejoramiento de la calidad universitaria (FOMEC)
022 _a1515-8039
264 1 _aBuenos Aires :
_bMinisterio de Cultura y Educación de la Nación
_c1996
310 _aFrecuencia: Irregular
041 _aspa
942 _cSER
590 _aniveau_biblio:s niveau_hierar:1
100 1 _aArgentina. Ministerio de Cultura y Educación. Secretaría de Politicas Universitarias
650 _aUNIVERSIDADES
650 _aCalidad de la educación
650 _aEDUCACION SUPERIOR
856 4 1 _uhttps://biblioeco.unsa.edu.ar/pmb/images/revistas/R20332.jpg
_yImagen de portada
_qimage/jpeg
999 _c8839
_d8839